000 00855pam a2200265 a 4500
008
020 _a9780582020078 (hardback)
040 _aNUST
_cNUST
049 _aMAIN
090 _aTA647
_bJEN
100 1 _aJenkins, W. M.,
_aauthor.
245 1 0 _aStructural analysis using computers /
_cW.M. Jenkins.
260 _aHarlow :
_bLongman Scientific & Technical,
_c1990.
300 _axvi, 372 pages :
_billustrations ;
_c25 cm.
336 _atext
_btxt
_2rdacontent
337 _aunmediated
_bn
_2rdamedia
338 _avolume
_bnc
_2rdacarrier
500 _aIncludes index.
504 _aIncludes bibliographical references.
650 0 _aStructural analysis (Engineering)
_xData processing.
907 _a.b10171265
_b29-03-22
_c15-08-05
003
005 20230123134048.0
942 _cBOOKS
_kTA647
_mJEN
999 _c159363
_d159363